| 000 | 00521nam a2200181 i 4500 | ||
|---|---|---|---|
| 001 | 56611 | ||
| 003 | ES-MaACL | ||
| 005 | 20230906163418.0 | ||
| 007 | t| | ||
| 008 | 031010s1973 sp ||||1| spa d | ||
| 100 | 1 |
_aDi Mona, Joseph. _944083 |
|
| 245 | 1 | 0 |
_aSutton Place, 70 / _cJoseph Di Mona ; [traducido por Ma Antonia Menini]. |
| 250 | _a[1ª ed.]. | ||
| 260 |
_aBarcelona : _bGrijalbo, _c[1973] |
||
| 300 |
_a343 p. ; _c20 cm. |
||
| 700 | 1 |
_aMenini, María Antonia. _980365 |
|
| 852 |
_aES-MaACL _jC-54068 _bR.86597 |
||
| 999 |
_c56611 _d56611 |
||